[Event "CZE-ch U14"]
[Site "Kouty nad Desnou"]
[Date "2024.03.13"]
[Round "6"]
[White "Vana, Jan1"]
[Black "Pogorelskiy, Boris"]
[Result "1-0"]
[WhiteElo "1908"]
[BlackElo "1747"]
[PlyCount "43"]
[EventDate "2024.03.09"]
[EventType "swiss"]
[EventRounds "9"]
[EventCountry "CZE"]
[SourceTitle "CB12_2024"]
[SourceDate "2023.10.01"]
[SourceVersion "1"]
[SourceVersionDate "2023.10.01"]
[SourceQuality "1"]

1. e4 d6 2. d4 Nf6 3. Nc3 e5 4. Nf3 Nbd7 5. Rg1 h5 6. h3 exd4 7. Qxd4 Nc5 8. Be3 Qe7 9. Nd5 Nxd5 10. exd5 Qe4 11. 0-0-0 Bd7 12. Re1 0-0-0 13. Qxe4 Nxe4 14. Bxa7 Nf6 15. Bc4 g6 16. Bd4 Bg7 17. Re7 Rdf8 18. Rge1 Kd8 19. Ng5 Be8 20. c3 Kc8 21. b4 Kd8 22. a4 1-0

[Event "CZE-ch U14"]
[Site "Kouty nad Desnou"]
[Date "2024.03.10"]
[Round "2"]
[White "Kutil, Adam"]
[Black "Pogorelskiy, Boris"]
[Result "1-0"]
[WhiteElo "1820"]
[BlackElo "1747"]
[PlyCount "39"]
[EventDate "2024.03.09"]
[EventType "swiss"]
[EventRounds "9"]
[EventCountry "CZE"]
[SourceTitle "CB12_2024"]
[SourceDate "2023.10.01"]
[SourceVersion "1"]
[SourceVersionDate "2023.10.01"]
[SourceQuality "1"]

1. e4 d6 2. d4 Nf6 3. Bd3 Nbd7 4. Ne2 e5 5. c3 Be7 6. 0-0 0-0 7. f4 exf4 8. Bxf4 Re8 9. Nd2 Nh5 10. Be3 Bg5 11. Bf2 Nf4 12. Nxf4 Bxf4 13. Nf3 Nf6 14. Bh4 Bg4 15. Qc2 h6 16. Rae1 Bxf3 17. Bxf6 Qxf6 18. Rxf3 Bxh2+ 19. Kf1 Qh4 20. Qf2 1-0

[Event "Ricany op"]
[Site "Ricany"]
[Date "2023.09.02"]
[Round "9"]
[White "Pogorelskiy, Boris"]
[Black "Sedmihradsky, Tomas"]
[Result "0-1"]
[WhiteElo "1445"]
[BlackElo "1768"]
[PlyCount "65"]
[EventDate "2023.08.26"]
[EventType "swiss"]
[EventRounds "9"]
[EventCountry "CZE"]
[SourceTitle "EXT 2024"]
[Source "ChessBase"]
[SourceDate "2023.10.10"]
[SourceVersion "1"]
[SourceVersionDate "2023.10.10"]
[SourceQuality "1"]

1. e4 e5 2. Nf3 Nc6 3. Bc4 Bc5 4. c3 Nf6 5. d3 d6 6. a4 a5 7. 0-0 0-0 8. Be3 Bxe3 9. fxe3 Qe8 10. Nbd2 h6 11. Qc2 Bd7 12. d4 Kh8 13. h3 Nh7 14. Qb3 b6 15. Nh4 f6 16. Bd5 Rc8 17. Nf5 Ne7 18. Be6 Bxe6 19. Qxe6 Nxf5 20. Qxe8 Rfxe8 21. exf5 d5 22. b4 exd4 23. exd4 Re3 24. Rf3 Rce8 25. Raf1 Ng5 26. Rxe3 Rxe3 27. Rc1 Rd3 28. Nf1 Ne4 29. bxa5 bxa5 30. c4 dxc4 31. Rxc4 Rd1 32. d5 Ng3 33. Rf4 0-1

[Event "Ricany op"]
[Site "Ricany"]
[Date "2023.08.30"]
[Round "6"]
[White "Skala, Jaromir"]
[Black "Pogorelskiy, Boris"]
[Result "1/2-1/2"]
[WhiteElo "1895"]
[BlackElo "1445"]
[PlyCount "49"]
[EventDate "2023.08.26"]
[EventType "swiss"]
[EventRounds "9"]
[EventCountry "CZE"]
[SourceTitle "EXT 2024"]
[Source "ChessBase"]
[SourceDate "2023.10.10"]
[SourceVersion "1"]
[SourceVersionDate "2023.10.10"]
[SourceQuality "1"]

1. d4 d5 2. Nf3 Nf6 3. g3 Bf5 4. Bg2 e6 5. 0-0 h6 6. c4 c6 7. b3 Bd6 8. a4 a5 9. Ba3 Bxa3 10. Nxa3 0-0 11. Qc1 Na6 12. Nc2 Bxc2 13. Qxc2 Nb4 14. Qb2 Qe7 15. Ne5 Nd7 16. Nxd7 Qxd7 17. e4 Rad8 18. cxd5 exd5 19. e5 Qe6 20. f4 Qf5 21. Rad1 Qc2 22. Qxc2 Nxc2 23. Rf3 Rfe8 24. Rc3 Nb4 25. Bh3 1/2-1/2